=LDR 00000nam 2200000 4500 =001 001139 =005 20250714085306 =035 ##$$a 0010-0725001023 =007 ta =008 250714################a##########0#ind## =020 ##$$a 97&-602-244-275-2 =082 ##$$a 398.209 598 =084 ##$$a 398.209 598 EKA b =100 #$$a Eka yuliati =245 1#$$a Bili dan soli /$c Eka yuliati =250 ##$$a Cetakan pertama =260 ##$$a Jakarta pusat :$b Badan pengembangan dan pembinaan bahasa,$c 2019 =300 ##$$a 40hlm. : $b Ilus. ; $c 25cm =650 #4$$a Cerita anak-indonesia